<?xml version="1.0" encoding="UTF-8"?>
<record
    xmlns:xsi="http://www.w3.org/2001/XMLSchema-instance"
    xsi:schemaLocation="http://www.loc.gov/MARC21/slim http://www.loc.gov/standards/marcxml/schema/MARC21slim.xsd"
    xmlns="http://www.loc.gov/MARC21/slim">

  <leader>01333nam a22002897a 4500</leader>
  <controlfield tag="003">dpl</controlfield>
  <controlfield tag="005">20170204152614.0</controlfield>
  <controlfield tag="008">170204b        xxu||||| |||| 00| 0 eng d</controlfield>
  <datafield tag="010" ind1=" " ind2=" ">
    <subfield code="a">B-048686,B-048688</subfield>
  </datafield>
  <datafield tag="020" ind1=" " ind2=" ">
    <subfield code="c">70.00</subfield>
  </datafield>
  <datafield tag="035" ind1=" " ind2=" ">
    <subfield code="a">B-048686,B-048688</subfield>
  </datafield>
  <datafield tag="037" ind1=" " ind2=" ">
    <subfield code="b">Cen Lib/Ret</subfield>
  </datafield>
  <datafield tag="040" ind1=" " ind2=" ">
    <subfield code="a">DPL</subfield>
    <subfield code="b">HN</subfield>
    <subfield code="c">DPL</subfield>
  </datafield>
  <datafield tag="082" ind1=" " ind2=" ">
    <subfield code="a">827</subfield>
    <subfield code="b">&#x930;&#x93E;&#x92E;&#x93E;&#x928;&#x941;&#x902;</subfield>
  </datafield>
  <datafield tag="100" ind1=" " ind2=" ">
    <subfield code="a">&#x930;&#x93E;&#x92E;&#x93E;&#x928;&#x941;&#x902;&#x91C;, &#x92A;&#x93F;o &#x90F;&#x938;o </subfield>
    <subfield code="9">46782</subfield>
  </datafield>
  <datafield tag="245" ind1=" " ind2=" ">
    <subfield code="a">&#x92C;&#x93F;&#x932;&#x94D;&#x932;&#x940; &#x915;&#x940; &#x92D;&#x93E;&#x937;&#x93E; /</subfield>
    <subfield code="c">&#x92A;&#x93F;o &#x90F;&#x938;o &#x930;&#x93E;&#x92E;&#x93E;&#x928;&#x941;&#x902;&#x91C;; &#x905;&#x928;&#x941;&#x935;&#x93E;&#x926;&#x915; &#x928;&#x902;&#x926;&#x93F;&#x928;&#x940; &#x917;&#x941;&#x902;&#x921;&#x942;&#x930;&#x93E;&#x935; </subfield>
  </datafield>
  <datafield tag="246" ind1=" " ind2=" ">
    <subfield code="a">Billi ki bhasha /</subfield>
    <subfield code="b">by P. S. Ramanuj; anuvadak Nandini Gundurao</subfield>
  </datafield>
  <datafield tag="260" ind1=" " ind2=" ">
    <subfield code="a">&#x928;&#x908; &#x926;&#x93F;&#x932;&#x94D;&#x932;&#x940; </subfield>
    <subfield code="b">&#x92D;&#x93E;&#x930;&#x924;&#x940;&#x92F; &#x92A;&#x94D;&#x930;&#x915;&#x93E;&#x936;&#x928; &#x938;&#x902;&#x938;&#x925;&#x93E;&#x928; </subfield>
    <subfield code="c">2001</subfield>
  </datafield>
  <datafield tag="270" ind1=" " ind2=" ">
    <subfield code="b">&#x928;&#x908; &#x926;&#x93F;&#x932;&#x94D;&#x932;&#x940; </subfield>
    <subfield code="a">4855/24, &#x905;&#x902;&#x938;&#x93E;&#x930;&#x940; &#x930;&#x94B;&#x921;, &#x926;&#x930;&#x93F;&#x92F;&#x93E;&#x917;&#x902;&#x91C;</subfield>
    <subfield code="e">110002</subfield>
  </datafield>
  <datafield tag="300" ind1=" " ind2=" ">
    <subfield code="a">92&#x92A;&#x943;. </subfield>
    <subfield code="c">20&#x938;&#x947;&#x92E;&#x940;(&#x938;&#x91C;&#x93F;&#x932;&#x94D;&#x926;)</subfield>
  </datafield>
  <datafield tag="650" ind1=" " ind2=" ">
    <subfield code="a">&#x939;&#x93F;&#x928;&#x94D;&#x926;&#x940; &#x938;&#x93E;&#x939;&#x93F;&#x924;&#x94D;&#x92F;</subfield>
    <subfield code="9">46783</subfield>
  </datafield>
  <datafield tag="650" ind1=" " ind2=" ">
    <subfield code="a">&#x939;&#x93F;&#x928;&#x94D;&#x926;&#x940; &#x938;&#x93E;&#x939;&#x93F;&#x924;&#x94D;&#x92F; -- &#x915;&#x939;&#x93E;&#x928;&#x93F;&#x92F;&#x93E;&#x902;</subfield>
    <subfield code="9">46784</subfield>
  </datafield>
  <datafield tag="650" ind1=" " ind2=" ">
    <subfield code="a">Hindi literature </subfield>
    <subfield code="9">46785</subfield>
  </datafield>
  <datafield tag="650" ind1=" " ind2=" ">
    <subfield code="a">Hindi literature -- Stories</subfield>
    <subfield code="9">46786</subfield>
  </datafield>
  <datafield tag="700" ind1=" " ind2=" ">
    <subfield code="a">&#x917;&#x941;&#x921;&#x942;&#x930;&#x93E;&#x935;, &#x928;&#x902;&#x926;&#x93F;&#x928;&#x940; </subfield>
    <subfield code="9">7856</subfield>
  </datafield>
  <datafield tag="942" ind1=" " ind2=" ">
    <subfield code="2">ddc</subfield>
    <subfield code="c">HN</subfield>
    <subfield code="h">827</subfield>
    <subfield code="m">&#x930;&#x93E;&#x92E;&#x93E;&#x928;&#x941;&#x902;</subfield>
  </datafield>
  <datafield tag="999" ind1=" " ind2=" ">
    <subfield code="c">112301</subfield>
    <subfield code="d">112301</subfield>
  </datafield>
  <datafield tag="952" ind1=" " ind2=" ">
    <subfield code="0">0</subfield>
    <subfield code="1">0</subfield>
    <subfield code="4">0</subfield>
    <subfield code="7">0</subfield>
    <subfield code="a">L</subfield>
    <subfield code="b">L</subfield>
    <subfield code="d">2015-08-07</subfield>
    <subfield code="e">Cen Lib/Ret</subfield>
    <subfield code="g">70.00</subfield>
    <subfield code="l">0</subfield>
    <subfield code="o">827 &#x930;&#x93E;&#x92E;&#x93E;&#x928;&#x941;&#x902;</subfield>
    <subfield code="p">B-048686</subfield>
    <subfield code="r">2015-08-07 00:00:00</subfield>
    <subfield code="t">1</subfield>
    <subfield code="v">70.00</subfield>
    <subfield code="w">2015-08-07</subfield>
    <subfield code="y">HN</subfield>
  </datafield>
  <datafield tag="952" ind1=" " ind2=" ">
    <subfield code="0">0</subfield>
    <subfield code="1">0</subfield>
    <subfield code="2">ddc</subfield>
    <subfield code="4">0</subfield>
    <subfield code="7">-1</subfield>
    <subfield code="8">NFIC</subfield>
    <subfield code="a">ZLS</subfield>
    <subfield code="b">ZLS</subfield>
    <subfield code="c">DISPLAY</subfield>
    <subfield code="d">2017-01-28</subfield>
    <subfield code="l">0</subfield>
    <subfield code="o">827 &#x930;&#x93E;&#x92E;&#x93E;&#x928;&#x941;&#x902;</subfield>
    <subfield code="p">B-048688</subfield>
    <subfield code="r">2017-01-28 00:00:00</subfield>
    <subfield code="t">1</subfield>
    <subfield code="v">70.00</subfield>
    <subfield code="w">2017-01-28</subfield>
    <subfield code="y">HN</subfield>
  </datafield>
</record>
